|
|
|
|
| LEADER |
00000nam0a2200000 4500 |
| 001 |
309925 |
| 005 |
20231101012745.0 |
| 035 |
|
|
|a (RuTPU)RU\TPU\book\335266
|
| 035 |
|
|
|a RU\TPU\book\110362
|
| 090 |
|
|
|a 309925
|
| 100 |
|
|
|a 20151119d1958 km y0rusy50 ca
|
| 101 |
0 |
|
|a rus
|
| 102 |
|
|
|a RU
|
| 105 |
|
|
|a a g 001zy
|
| 200 |
1 |
|
|a Буровые долота
|e справочник
|f К. Е. Корнеев, П. А. Палий
|
| 210 |
|
|
|a Москва
|c Гостоптехиздат
|d 1958
|
| 215 |
|
|
|a 215 с.
|c ил.
|
| 320 |
|
|
|a Библиогр. в конце кн.
|
| 610 |
1 |
|
|a буровые долота
|
| 610 |
1 |
|
|a классификация
|
| 610 |
1 |
|
|a детали машин
|
| 610 |
1 |
|
|a механизмы
|
| 610 |
1 |
|
|a износ
|
| 610 |
1 |
|
|a шарошечные долота
|
| 610 |
1 |
|
|a конструкции
|
| 610 |
1 |
|
|a построение
|
| 610 |
1 |
|
|a расчеты
|
| 610 |
1 |
|
|a колонковые долота
|
| 610 |
1 |
|
|a эксплуатация
|
| 610 |
1 |
|
|a справочники
|
| 675 |
|
|
|a 622.243.5(035)
|v 3
|
| 700 |
|
1 |
|a Корнеев
|b К. Е.
|g Константин Ефимович
|
| 701 |
|
1 |
|a Палий
|b П. А.
|g Поликарп Автономович
|
| 801 |
|
1 |
|a RU
|b 63413507
|c 20060922
|g PSBO
|
| 801 |
|
2 |
|a RU
|b 63413507
|c 20151119
|g PSBO
|
| 942 |
|
|
|c BK
|